Представление документа в формате MARC21

Поле Инд. ПП Название Значение
Тип записи a
Библиографический уровень m
001 Контрольный номер d554bc72-0532-4c05-ba23-c04d910d277a
005 Дата корректировки 20140703163344.6
008 Кодируемые данные 071101
020 a ISBN 5-7853-0494-5
c Цена, тираж 150.00
040 a Служба первич. каталог. НБ ТвГУ
041 a Код языка текста rus
080 a Индекс УДК 623.454
a Индекс УДК 623.591
084 a Индекс другой классификации/Индекс ББК Ц801.1
090 a Полочн. индекс Ц801.1
x Авторский знак Я34
245 10 a Заглавие Ядерные испытания
b Продолж. заглавия науч.-публицист. моногр. : (в 2 кн.)
c Ответственность Федер. агентство Рос. Федерации по атом. энергии (Росатом), Федерал. гос. унитар. предприятие "Ин-т стратег. стабильности", Федерал. упр. медико-биол. и экстремал. пробл. при М-ве здравоохранения и социал. развития Рос. Федерации ; под общ. ред. В. Н. Михайлова
n Номер части/ раздела Кн. 1
p Название части/ раздела Ядерные испытания в Арктике .Т. 2 (в 2 ч.): Арктический ядерный полигон
245 00 a Заглавие Арктический ядерный полигон
260 0_ a Место издания Москва
b Издательство Московский учебник
b Издательство Картуш
c Дата издания 2006
300 a Объем 455, [1] с., [3] л. ил.
b Иллюстрации/ тип воспроизводства ил., табл., цв. ил.
440 a Серия Издательская программа Правительства Москвы
504 a Библиография Библиогр. в конце разд.
583 a Действие Получение впервые 43 05.03.2008
k Исполнитель действия Дар Библиотеки им. Горького
650 a Основная рубрика Ядерные полигоны
650 a Основная рубрика Ядерные испытания
z Географическая подрубрика Арктика
653 a Ключевые слова Ядерные испытания
a Ключевые слова Ядерные полигоны
700 1_ a Другие авторы Михайлов В. Н.
e Роль лиц ред.
852 t Порядковый номер экземпляра 1
p Инвентарный номер 903270
852 t Порядковый номер экземпляра 1
p Инвентарный номер 903271
863 t 00210794
863 t 00210793
888 a Бесплатные
952 p 43.2008 150.00 1 903270
p 43.2008 150.00 1 903271
c Вид литературы К рн
954 a Дата поступления на обработку 20080311
999 a Подразделение 2 Фил4
a Подразделение 2 Фил3